000 00514nam a22001577a 4500
020 _a9788179924402
050 _aTP248.215
_b.F8
100 _a Fumento, Michael
245 _a Biotechnology
_bhow it is changing our life
250 _b3rd Jaico Impression: 2009
260 _aMumbai
_bJaico Publishing house
_c2009
300 _a510p.
500 _aincludes index
650 _bBiotechnology, Genetic engineering, Biotechnology--Government policy, Biotechnology--Political aspects
_vbook
_xPBK
942 _cGEN
999 _c560
_d560